| 000 | 00469cam a2200181ua 4500 | ||
|---|---|---|---|
| 001 | 5224 | ||
| 008 | 120303n ii |||gr||||Z||||||eng | ||
| 040 | _cMAIN | ||
| 082 | _a821 | ||
| 100 |
_aYeats, W. B., _eAuthor, |
||
| 245 | 1 | 1 |
_aSelected poems : _ba critical study / _cby W. B. Yeats . |
| 250 | _a6th. | ||
| 260 |
_aBareilly: _bPrakash book depot, _c1997. |
||
| 300 |
_a309p: _c23cm. |
||
| 653 | _aEnglish poetry | ||
| 700 |
_aMundra, S. C., _eEditor, |
||
| 942 | _cBK | ||
| 999 |
_c4406 _d4406 |
||